Tratado de las cauciones

Na minha lista:
Detalhes bibliográficos
Autor principal: Somarriva Undurraga, Manuel (Author)
Formato: Livro
Idioma:espanhol
Publicado em: Santiago Contable Chilena 1981
Assuntos:
Tags: Adicionar Tag
Sem tags, seja o primeiro a adicionar uma tag!

MARC

LEADER 00000nam a2200000 a 4500
001 UCV1560
003 CL-VaPUC
008 900823e19810000CL |||||||||||||||||spa|d
082 0 4 |a 346.074  |b SOM  |2 21 
100 0 |a Somarriva Undurraga, Manuel  |e author  |9 295830 
245 1 0 |a Tratado de las cauciones 
300 |a 611 p 
942 |c BK 
945 |d 19900823 00:00:00 
260 |a Santiago  |b Contable Chilena  |c 1981 
650 7 |a DEUDOR Y ACREEDOR DERECHO Y LEGISLACION  |2 CL-VaPUC  |9 256626 
650 7 |a FIANZAS DERECHO Y LEGISLACION  |2 CL-VaPUC  |9 256627 
650 7 |a HIPOTECAS DERECHO Y LEGISLACION  |2 CL-VaPUC  |9 256628 
650 7 |a PRENDA DERECHO Y LEGISLACION  |2 CL-VaPUC  |9 256629 
651 7 |a CHILE  |2 CL-VaPUC  |9 295831 
583 |a last modification  |c 19900823 00:00:00  |k Rodrigo Vera 
999 |c 209486  |d 209484 
952 |0 0  |1 0  |4 0  |6 346_074000000000000_SOM_1981  |7 0  |8 A  |9 184911  |a BIBDER  |b BIBDER  |d 2019-11-14  |i 2522330  |o 346.074 SOM 1981  |p 2522330  |r 2019-11-14  |w 2019-11-14  |y BK  |k DER 
952 |0 0  |1 0  |4 0  |6 346_074000000000000_SOM_1981  |7 0  |8 A  |9 184912  |a BIBDER  |b BIBDER  |d 2019-11-14  |i 2522349  |l 1  |m 1  |o 346.074 SOM 1981  |p 2522349  |r 2023-01-25  |s 2020-03-05  |w 2019-11-14  |y BK  |k DER 
952 |0 0  |1 0  |4 0  |6 346_074000000000000_SOM_1981  |7 0  |8 A  |9 184913  |a BIBDER  |b BIBDER  |d 2019-11-14  |i 3187314  |l 1  |o 346.074 SOM 1981  |p 3187314  |r 2023-01-25  |s 2021-05-05  |w 2019-11-14  |y BK  |k DER